[Event "World Team-ch Women 2017"]
[Site "Khanty-Mansyisk"]
[Date "2017.06.21"]
[Round "5"]
[White "Wafa, Shrook"]
[Black "Harika, Dronavalli"]
[Result "1-0"]
[WhiteElo "2141"]
[BlackElo "2535"]
[Annotator "TA"]
[PlyCount "117"]
[EventDate "2017.??.??"]
[EventType "team-tourn"]
[EventCountry "RUS"]
[SourceTitle "playchess.com"]
[Source "ChessBase"]
[SourceQuality "1"]
[WhiteTeam "EGY"]
[BlackTeam "IND"]
[WhiteTeamCountry "EGY"]
[BlackTeamCountry "IND"]

{[%evp 20,117,0,0,39,9,25,-57,13,32,24,32,35,29,49,48,43,-5,75,39,50,28,49,28,36,35,114,110,293,283,325,320,287,300,395,342,395,390,437,375,466,162,580,569,571,495,476,495,712,701,719,612,577,581,958,1003,1080,1077,1333,1287,11455,12817,6698,6698,2751,2050,1848,1774,1772,1691,1634,1515,1296,1195,1602,1673,1647,1618,1566,1443,1503,1454,1375,1277,1769,1685,1444,1022,12839,12839,12841,12842,29973,12843,29990,29991,29993,29994,29994,18]} 1. e4 c5 2. Nf3 Nc6 3. d4 cxd4 4. Nxd4 e5 5. Nb5 d6 6. a4 Nf6 7. N1c3 a6 8. Na3 Bg4 9. f3 Be6 10. Bc4 Rc8 11. O-O {LiveBook: 9 Games. B33: Sicilian: Pelikan and Sveshnikov Variations} (11. Be3 Nb4 12. Bxe6 fxe6 13. O-O Be7 14. Ne2 d5 15. c3 Nc6 16. Ng3 O-O 17. Nc2 Na5 18. Qe2 Qd7 {½-½ (75) Milos,G (2593)-Mekhitarian,K (2511) Porto Alegre 2008}) 11... Be7 12. Kh1 O-O 13. Bg5 {[#]} (13. Nd5 $11) 13... Kh8 $146 (13... Nxe4 $1 $15 {[%mdl 512]} 14. Nxe4 d5) ({Predecessor:} 13... Nxe4 14. Nxe4 d5 15. Bxe7 Nxe7 16. Bb3 dxe4 17. Bxe6 fxe6 18. fxe4 Rxf1+ 19. Qxf1 Qd4 20. Rd1 Qxa4 21. Nc4 Qxc4 22. Rd8+ Rxd8 23. Qxc4 Rd1+ {0-1 (23) Fernandez Muixi,F (2134)-Jose Abril,R (2335) Catalunya 2014}) 14. Bxf6 $11 Bxf6 15. Nd5 {[%cal Bc3d5,Bd5e3,Be3c4][%mdl 32]} Bh4 16. c3 Rb8 17. Qd3 Ne7 18. Rad1 Ng6 (18... Bd7 $11 {remains equal.}) 19. g3 Bg5 20. Ne3 Bh3 21. Rfe1 Qb6 22. b4 a5 ({Better is} 22... Bxe3 $14 23. Qxe3 Qc7) 23. Nb5 $16 Be6 $2 (23... Rbd8 $16 {was necessary.}) 24. Bxe6 $18 (24. Nxd6 axb4 25. Bxe6 fxe6 $16) 24... fxe6 25. Nc4 (25. Nxd6 Rxf3 26. Nec4 Qf2 $16) 25... Qd8 26. Nxa5 ({But not} 26. Ncxd6 $6 Qf6 $18) ({Much less strong is} 26. Nbxd6 $6 axb4 27. cxb4 Be7 $18) 26... Qf6 27. Rf1 h5 28. Nxd6 h4 29. Qe2 Kh7 30. f4 $2 (30. Naxb7 Rh8 31. gxh4 Bxh4 32. Qa2) 30... Bh6 $2 (30... exf4 31. gxf4 (31. Naxb7 f3 $16) 31... Nxf4) 31. f5 Ne7 32. Qg4 hxg3 33. hxg3 b6 (33... exf5 $142 34. exf5 Qg5 35. Qxg5 Bxg5) 34. fxe6 Qxf1+ 35. Rxf1 Rxf1+ 36. Kg2 Rc1 37. Nac4 Rc2+ 38. Kh3 Rxc3 39. Nxe5 Ra8 40. Nf5 Rc7 41. Nxe7 Rxe7 42. Qf5+ Kg8 43. Nc6 Rc7 44. Qd5 Kh7 {[#]} 45. Ne7 $1 {[%mdl 512]} Rf8 (45... Rxe7 46. Qxa8) 46. Qd6 Rb7 47. Nd5 Re8 48. Nc7 Rc8 49. e7 Rbxc7 50. e8=Q Rxe8 51. Qxc7 {[%mdl 4096] Endgame KQ-KRB} Be3 52. Qc6 Re7 53. Kg4 Kg8 54. Qd5+ Kh7 55. e5 {[%cal Be4e5,Be5e6][%mdl 32]} g6 56. e6 {White wants to mate with Qd8.} Kh6 57. Qe5 {White mates.} Bd2 58. Qh8+ Rh7 59. Qxh7+ $2 {[%mdl 32768] Precision: White = 72%, Black = 21%. . Loss on Time!?} (59. Qf8+ {mates} Rg7 60. e7 Bxb4 61. Qh8+ Rh7 62. e8=Q Bd6 {[#]} 63. Qeg8 $1 {[%mdl 512]} Rxh8 64. Qxh8#) 1-0

[Event "World Team-ch Women 2017"]
[Site "Khanty-Mansyisk"]
[Date "2017.06.21"]
[Round "5"]
[White "Elansary, Eman"]
[Black "Karavade, Eesha"]
[Result "0-1"]
[WhiteElo "1887"]
[BlackElo "2388"]
[Annotator "TA"]
[PlyCount "68"]
[EventDate "2017.??.??"]
[EventType "team-tourn"]
[EventCountry "RUS"]
[SourceTitle "playchess.com"]
[Source "ChessBase"]
[SourceQuality "1"]
[WhiteTeam "EGY"]
[BlackTeam "IND"]
[WhiteTeamCountry "EGY"]
[BlackTeamCountry "IND"]

{[%evp 16,68,13,13,16,22,14,21,25,21,18,0,37,9,16,16,17,15,16,0,28,24,40,29,57,40,38,29,29,0,0,0,26,0,43,23,26,28,45,14,17,0,0,-70,-68,-63,-64,-62,-57,-60,0,-4,0,-29974,-29974]} 1. d4 d5 2. Nf3 Nf6 3. e3 c5 4. b3 Nc6 5. Bb2 Bg4 6. Be2 e6 7. O-O Be7 {A06: Réti Opening:1 Nf3 d5} (7... Rc8 8. c4 dxc4 9. bxc4 cxd4 10. exd4 Bd6 11. h3 Bh5 12. Nbd2 O-O 13. Ne5 Qb6 14. Bxh5 Qxb2 15. Bxf7+ Rxf7 16. Nxf7 Kxf7 {½-½ (31) Spreemann,R (2460)-Zidu,J (2533) Remote email 2014}) 8. Nbd2 O-O 9. c4 {LiveBook: 5 Games} cxd4 {The position is equal.} 10. Nxd4 Bxe2 11. Qxe2 Nxd4 12. Bxd4 Qa5 13. cxd5 exd5 14. b4 $146 ({Predecessor:} 14. Nf3 Rac8 15. Rac1 Ne4 16. Qb2 Ba3 17. Qa1 Rxc1 18. Rxc1 Bxc1 19. Bxg7 Rc8 20. Bh8 Nc3 21. Bf6 Ba3 {0-1 (21) Majercik,I-Kollar,V Slovakia 2002}) 14... Qa3 15. Rfb1 Qa4 16. Qd3 Rfc8 17. a3 h6 (17... Qc2 $5 {[%cal Rc2d3]} 18. Qe2 b6 $11) 18. Rc1 Rc6 19. Rxc6 bxc6 20. f3 Nd7 21. Nb3 (21. Qb3 $5 {[%cal Rb3a4]} Qa6 22. Qc3 $14) 21... Nf8 22. Bc5 (22. Qc3 $5 {[%cal Rd4g7]}) 22... Bf6 23. Bd4 {And now Bxf6 would win.} Be7 24. Bc5 (24. Qc3 $5 {[%cal Rd4g7]} Ne6 25. Be5 $11) 24... Bg5 25. f4 (25. Bxf8 $5 Rxf8 26. Nc5 $11) 25... Bf6 26. Bd4 Nd7 27. Bxf6 (27. Qc3 $5) 27... Nxf6 28. Nd4 (28. Nc5 $5 {[%cal Rc5a4]} Qb5 29. Qxb5 cxb5 30. a4 $11) 28... a5 29. Rc1 (29. Nb3 $11) 29... axb4 $15 30. axb4 Qxb4 {Hoping for ...c5.} 31. Nxc6 Qb2 $1 $36 {[%cal Rb2c1][%mdl 2048] Black is more active.} 32. Qc2 Qa3 (32... Qxc2 $15 33. Rxc2 Ng4) 33. Re1 $11 Ne4 {( -> ...Qxe3+)} (33... Ng4 $5 {[%cal Ra3e3]} 34. Qe2 Nf6 $15) 34. Nd4 $2 {[%mdl 8192] [#]} (34. h3 $11) 34... Qxe3+ $1 {[%mdl 512] Precision: White = 36%, Black = 63%.} 0-1

[Event "World Team-ch Women 2017"]
[Site "Khanty-Mansyisk"]
[Date "2017.06.23"]
[Round "6"]
[White "Lagno, Kateryna"]
[Black "Karavade, Eesha"]
[Result "1/2-1/2"]
[WhiteElo "2539"]
[BlackElo "2388"]
[Annotator "TA"]
[PlyCount "85"]
[EventDate "2017.??.??"]
[EventType "team-tourn"]
[EventCountry "RUS"]
[SourceTitle "playchess.com"]
[Source "ChessBase"]
[SourceQuality "1"]
[WhiteTeam "RUS"]
[BlackTeam "IND"]
[WhiteTeamCountry "RUS"]
[BlackTeamCountry "IND"]

{[%evp 9,85,8,19,30,32,20,20,20,37,7,16,8,13,0,0,0,46,0,0,0,0,0,12,-20,0,0,18,14,58,61,71,72,71,45,45,43,43,43,63,46,43,37,43,14,7,8,11,8,9,10,49,0,0,0,32,33,45,34,41,19,27,32,32,32,54,13,13,14,28,6,7,4,22,0,8,0,41,0]} 1. d4 d5 2. c4 c6 3. cxd5 cxd5 4. Bg5 (4. Nf3 Nc6 5. Nc3 Nf6 6. Bf4 Nh5 7. Bd2 g6 8. e3 e6 9. Bb5 Bd7 10. Ne5 Nxe5 11. dxe5 Bxb5 12. Nxb5 a6 13. Nd4 Bc5 14. Nb3 Be7 {0-1 (60) Shimanov,A (2642)-Fedoseev,V (2690) Minsk 2017}) 4... Nc6 5. Nc3 h6 (5... f6 {keeps more tension.} 6. Bd2 e5 7. e4 dxe4 8. dxe5 fxe5 9. Bc4 Nf6) 6. Bh4 {D10: Slav Defence: 3 cxd5 (without early Nf3) and 3 Nc3} Nf6 7. Bxf6 $146 ({Predecessor:} 7. e3 Bf5 8. Bxf6 exf6 9. Qb3 Nb4 10. Bb5+ Nc6 11. Qxd5 Qxd5 12. Nxd5 Bd6 13. Nf3 {0-1 (65) Perez Garcia,S (1491)-Diaz Reyes,F (1293) Santa Cruz de Tenerife 2014}) 7... exf6 8. e3 {The position is equal.} Bb4 9. Bd3 Bxc3+ 10. bxc3 O-O 11. Qf3 Be6 12. Ne2 Qd6 13. h4 Qd7 14. Nf4 Ne7 15. Nxe6 fxe6 16. c4 Rac8 (16... dxc4 {is more complex.} 17. Bxc4 Rac8 18. Be2 Nd5 19. O-O b5) 17. cxd5 Qxd5 18. Qxd5 exd5 (18... Nxd5 {looks sharper.} 19. Ke2 Kf7 20. a4 f5 21. a5 Rc7) 19. Kd2 Rc7 20. a4 Kf7 21. a5 Ke6 22. Rhb1 Nc8 23. Rc1 Rff7 24. e4 Nd6 25. f3 Rfe7 26. Rab1 dxe4 27. fxe4 Rxc1 28. Rxc1 $11 {[%mdl 4096] Endgame KRB-KRN} Kd7 29. Re1 Kc6 30. Rc1+ Kd7 31. Re1 Kc6 32. g4 b6 33. axb6 axb6 34. Kc3 Rc7 35. Kb4 Re7 36. Re2 Kc7 37. g5 hxg5 38. hxg5 Kc6 39. g6 Kc7 40. Kc3 Kc6 41. Kb4 Kc7 42. Kc3 Kc6 43. Kb4 {Precision: White = 48%, Black = 73%.} 1/2-1/2

[Event "World Team-ch Women 2017"]
[Site "Khanty-Mansyisk"]
[Date "2017.06.23"]
[Round "6"]
[White "Harika, Dronavalli"]
[Black "Kosteniuk, Alexandra"]
[Result "1/2-1/2"]
[WhiteElo "2535"]
[BlackElo "2537"]
[Annotator "TA"]
[PlyCount "58"]
[EventDate "2017.??.??"]
[EventType "team-tourn"]
[EventCountry "RUS"]
[SourceTitle "playchess.com"]
[Source "ChessBase"]
[SourceQuality "1"]
[WhiteTeam "IND"]
[BlackTeam "RUS"]
[WhiteTeamCountry "IND"]
[BlackTeamCountry "RUS"]

{[%evp 13,58,4,22,6,22,4,19,10,26,22,29,10,24,30,14,-35,0,-65,-47,-52,-44,-77,-29,-87,-79,-90,-81,-95,-75,-66,-48,-50,-52,-32,0,0,0,0,0,0,0,0,0,0,0,0,0]} 1. e4 e5 2. Nf3 Nf6 3. Nxe5 d6 4. Nf3 Nxe4 5. Nc3 Nxc3 6. dxc3 Be7 7. Be3 Nd7 8. Qd2 {C42: Petroff Defence: 3 Nxe5 and unusual White 3rd moves} Nf6 9. O-O-O O-O 10. Bd3 c5 11. Rhe1 Be6 12. Bg5 d5 $146 ({Predecessor:} 12... h6 13. Bxh6 c4 14. Bxg7 cxd3 15. Qg5 Ne4 {1-0 (62) Karjakin,S (2779)-Harikrishna,P (2763) Shamkir 2016}) 13. Qf4 Re8 14. Kb1 h6 15. Bxf6 (15. Bxh6 $11 gxh6 16. Qg3+ (16. Qxh6 Bf8 $17) 16... Kf8 {[#]} 17. Rxe6 $1 {[%mdl 512]} fxe6 18. Qg6) 15... Bxf6 $15 16. Ne5 Qb8 {[#] Hoping for ...Bd7!} 17. Qg3 b5 18. f4 (18. Ng4 $1 $11 {keeps the balance.} Bg5 19. Qxb8 Raxb8 20. Ne5) 18... c4 $17 19. Be2 b4 20. Bh5 {With the idea f5!} bxc3 21. Qxc3 {Black should prevent f5!} Qb7 22. Bf3 Rab8 23. g4 Be7 {Strongly threatening ...Bb4.} 24. f5 {The position is equal.} Bb4 25. Qd4 Bc5 26. Qc3 Bb4 27. Qd4 Bc5 28. Qc3 Bb4 29. Qd4 Bc5 {Precision: White = 52%, Black = 36%.} 1/2-1/2

[Event "World Team-ch Women 2017"]
[Site "Khanty-Mansyisk"]
[Date "2017.06.23"]
[Round "6"]
[White "Dzagnidze, Nana"]
[Black "Pham, Le Thao Nguyen"]
[Result "1/2-1/2"]
[WhiteElo "2533"]
[BlackElo "2344"]
[Annotator "TA"]
[PlyCount "50"]
[EventDate "2017.??.??"]
[EventType "team-tourn"]
[EventCountry "RUS"]
[SourceTitle "playchess.com"]
[Source "ChessBase"]
[SourceQuality "1"]
[WhiteTeam "GEO"]
[BlackTeam "VIE"]
[WhiteTeamCountry "GEO"]
[BlackTeamCountry "VIE"]

{[%evp 14,50,18,15,18,12,22,9,9,5,3,8,11,13,13,0,15,5,18,2,6,0,13,-12,-8,-12,0,0,0,0,0,0,6,0,7,7,11,10,5]} 1. c4 e6 2. Nf3 d5 3. d4 Nf6 4. Nc3 Bb4 5. Bg5 h6 6. Bxf6 Qxf6 7. Qa4+ Nc6 8. e3 {The position is equal.} O-O {D38: Queen's Gambit Declined: Ragozin Defence (4 Nf3 Bb4)} 9. Be2 (9. Rc1 Rd8 10. a3 Bxc3+ 11. Rxc3 e5 12. cxd5 exd4 13. Rc5 Bg4 14. Nxd4 Nxd4 15. Qxd4 Qxd4 16. exd4 {½-½ (30) Ding,L (2759)-Harikrishna,P (2758) Shenzhen 2017}) 9... Bd7 {[%cal Bc8d7,Bd7e8,Be8c6,Bc6d5][%mdl 32] [#] ...Nxd4 is the strong threat.} (9... Bxc3+ $5 10. bxc3 Bd7 $14) 10. Qc2 dxc4 11. O-O Na5 12. Ne5 Qe7 13. Ne4 Rfd8 14. Rfc1 $146 ({Predecessor:} 14. Bxc4 Nxc4 15. Qxc4 Bd6 16. f4 {1-0 (57) Goryachkina,A (2456)-Batsiashvili,N (2475) Chengdu 2015}) 14... Be8 15. Nxc4 Nxc4 16. Qxc4 Bc6 17. Bf3 Rac8 18. h3 Bd5 19. Qe2 c6 20. a3 Ba5 21. Nc5 Bxf3 22. Qxf3 Bb6 23. b4 Bxc5 24. Rxc5 Rd5 25. Rac1 Rcd8 {Precision: White = 29%, Black = 54%.} 1/2-1/2

[Event "World Team-ch Women 2017"]
[Site "Khanty-Mansyisk"]
[Date "2017.06.23"]
[Round "6"]
[White "Tan, Zhongyi"]
[Black "Foisor, Sabina-Francesca"]
[Result "1-0"]
[WhiteElo "2517"]
[BlackElo "2331"]
[Annotator "TA"]
[PlyCount "99"]
[EventDate "2017.??.??"]
[EventType "team-tourn"]
[EventCountry "RUS"]
[SourceTitle "playchess.com"]
[Source "ChessBase"]
[SourceQuality "1"]
[WhiteTeam "CHN"]
[BlackTeam "USA"]
[WhiteTeamCountry "CHN"]
[BlackTeamCountry "USA"]

{[%evp 14,99,19,9,33,31,47,14,16,19,14,21,11,9,24,11,13,12,35,11,23,2,19,-4,67,14,7,6,97,98,102,107,105,98,96,92,225,197,196,198,180,185,221,210,319,295,307,312,300,299,295,293,297,302,357,346,343,341,321,277,340,264,352,345,441,418,462,439,543,558,552,554,545,539,676,665,700,698,664,668,681,502,1089,930,6391,6212,5785,5055]} 1. d4 d5 2. c4 e6 3. Nc3 Nf6 4. Bg5 Be7 5. e3 Nbd7 6. Nf3 O-O 7. Qc2 c6 8. h3 {LiveBook: 8 Games} Ne4 {D61: Queen's Gambit Declined: Classical: 7 Qc2} (8... Re8 9. a3 dxc4 10. Bxc4 Nd5 11. Bxe7 Qxe7 12. O-O Nxc3 13. bxc3 c5 14. a4 b6 15. Bd3 h6 16. e4 {1-0 (45) Bischoff,K (2553)-Sheremet,M (2266) Nuremberg 2010}) 9. Bf4 $146 ({Predecessor:} 9. Bxe7 Qxe7 10. cxd5 exd5 11. Bd3 Re8 12. O-O Nf8 13. Bxe4 dxe4 14. Nd2 f5 15. d5 Qf6 16. dxc6 Qxc6 17. Rac1 Be6 18. Nb3 Rac8 19. Rfd1 a6 20. Nd4 Qc4 21. b3 Qb4 22. Qb2 {½-½ (90) Priehoda,V (2402)-Jirovsky,P (2323) Czechia 2009}) 9... Ndf6 10. Bd3 {[%cal Rd3e4]} Nxc3 {The position is equal.} 11. bxc3 dxc4 12. Bxc4 c5 13. O-O $36 {[%mdl 2048] White has good play.} b6 14. Rfd1 Bb7 15. Ne5 Qc8 16. Qb3 Bd5 17. Bg5 Rd8 18. Rac1 (18. a4 {feels hotter.} Bxc4 19. Qxc4 Qb7 20. dxc5 Qc7 21. cxb6 Qxe5 22. Rxd8+ Rxd8 23. Bf4) 18... Qb7 (18... Qc7 $11) 19. dxc5 ({White should play} 19. Bxd5 $14 Qxd5 20. c4) 19... Bxc4 $1 $11 20. Qxc4 Bxc5 (20... bxc5 $11 21. Bf4 Rab8) 21. Bxf6 gxf6 22. Qg4+ Kf8 {[#]} 23. Rxd8+ $1 Rxd8 24. Qh4 Ke7 (24... Kg7 $16 {was worth a try.}) 25. Ng4 Qe4 26. Qxf6+ Ke8 27. Qh4 Qg6 {next ...Be7 is good for Black.} 28. Nf6+ Ke7 (28... Kf8 {was necessary.} 29. Nxh7+ Ke8) 29. Nd5+ $18 ({Weaker is} 29. Nxh7+ f6 $15) 29... Kd7 30. Qa4+ Kd6 31. Nf4 Qg5 32. Qxa7 Qe7 33. Qa6 Kc6 34. a4 Qb7 35. Qb5+ Kc7 36. Nd3 Rg8 {[%csl Gg8][%cal Rb7g2] [#]} 37. Ne1 Qd5 38. a5 Qc6 39. axb6+ Bxb6 40. Qh5 {White is clearly winning.} Rg6 41. Qxh7 Qd7 42. Qh4 e5 43. Qe4 f5 44. Qxe5+ Kc8 45. Ra1 Kb7 46. c4 Rc6 47. Qd5 Qg7 (47... Qxd5 $142 48. cxd5 Rc5) 48. Rd1 Kc7 49. Qd8+ Kb7 50. Rd7+ {Precision: White = 72%, Black = 38%.} 1-0

[Event "World Team-ch Women 2017"]
[Site "Khanty-Mansyisk"]
[Date "2017.06.23"]
[Round "6"]
[White "Socko, Monika"]
[Black "Mona, Khaled"]
[Result "1-0"]
[WhiteElo "2485"]
[BlackElo "2168"]
[Annotator "TA"]
[PlyCount "101"]
[EventDate "2017.??.??"]
[EventType "team-tourn"]
[EventCountry "RUS"]
[SourceTitle "playchess.com"]
[Source "ChessBase"]
[SourceQuality "1"]
[WhiteTeam "POL"]
[BlackTeam "EGY"]
[WhiteTeamCountry "POL"]
[BlackTeamCountry "EGY"]

{[%evp 16,101,58,57,96,95,104,90,95,96,96,94,106,84,100,67,117,0,23,-22,98,22,29,-8,20,4,14,-9,-6,-21,-22,-81,-31,-125,-125,-138,-10,-117,-119,-132,-153,-162,-117,-164,-142,-149,-118,-167,-141,-157,-140,-139,-43,-262,52,52,55,77,59,64,57,65,280,283,402,402,452,331,445,457,452,441,436,425,490,477,550,537,592,592,709,721,841,850,806,812,4821,4933]} 1. d4 Nf6 2. c4 d6 3. Nc3 Nbd7 4. e4 e5 5. Nf3 {[%cal Bg1f3,Bf3d2,Bd2b3][%mdl 32]} g6 6. Be2 Bg7 7. O-O O-O 8. Be3 Re8 9. d5 h6 {E94: King's Indian: Classical: 6 Be2 e5 7 0-0: Various Black 7th moves} (9... Nh5 10. g3 Bf8 11. Ne1 Ng7 12. Nd3 f5 13. f3 Be7 14. Qd2 Nf6 15. c5 fxe4 16. fxe4 Ng4 17. Bxg4 Bxg4 {½-½ (39) Postny,E (2606)-Vovk,A (2636) Fagernes 2017}) 10. Nd2 Nh7 11. b4 f5 {White is better.} 12. f3 f4 13. Bf2 Bf8 $146 ({Predecessor:} 13... Ndf6 14. c5 g5 15. cxd6 cxd6 16. Rc1 Kh8 17. Nb5 {0-1 (42) Wasik,R (1724)-Luka,K (1856) Rzeszow 2008}) 14. Nb3 Re7 15. c5 Ndf6 $1 16. Rc1 (16. c6 $16) 16... Rg7 $11 17. Qc2 Ne8 (17... g5 $1 $11 {keeps the balance.}) 18. Nb5 (18. a4 $16) 18... a6 19. Na3 g5 20. cxd6 Bxd6 21. Nc5 h5 22. Nc4 {And now Nd3 would win.} g4 23. fxg4 (23. Ne6 $11 Bxe6 24. dxe6) 23... hxg4 $17 24. g3 {[#]} ({White should try} 24. Ne6 $15 Bxe6 25. dxe6) 24... Ng5 $1 25. Kh1 Nh3 ({Black should play} 25... Nf6 $17 {White should prevent ...Bxc5.} 26. Bd3 Nf3) 26. Qc3 (26. gxf4 $11 {remains equal.} Nxf2+ 27. Rxf2) 26... Qg5 27. Ne6 Bxe6 28. dxe6 Rh7 29. Be1 f3 30. Bd3 Qh5 31. Qb2 Nf6 32. Bc3 {[%cal Rc4e5]} Ng5 $1 {[%csl LRe4,LRe6]} 33. Rce1 Qh3 ({Reject} 33... Nxe6 $6 34. Nxe5 Bxe5 35. Bxe5 $15) (33... Rd8 $17 34. a4 {[#]} Bxb4 $1 {[%mdl 512]}) 34. Qf2 $2 (34. Bxe5 $15 Bxe5 35. Nxe5) 34... Qg2+ $2 (34... Nxe6 35. Bxe5 Bxe5 36. Nxe5 $15) (34... Kg7 $19 35. Ne3 Kg6) 35. Qxg2 $14 fxg2+ 36. Kxg2 Nf3 {[%csl Gf3][%cal Rh7h2]} 37. h4 {aiming for Rd1.} Nxe1+ 38. Rxe1 Re8 $2 (38... Rh5 $1 $14) 39. Nxe5 $18 b5 (39... Nh5 {was necessary.} 40. Bc4 (40. Nxg4 Bxg3 41. Rh1 Bf4 $16) 40... Bxe5 41. Bxe5 Rhe7) 40. Nc6 Rxe6 41. Bxf6 {Strongly threatening e5.} Bxg3 42. Kxg3 {White is clearly winning.} Rxf6 43. Ne5 Rd6 44. Re3 Rg7 45. Nxg4 Rd4 46. a3 c5 47. bxc5 Rc7 48. e5 {[%cal Be4e5,Be5e6,Be6e7][%mdl 32]} Kf7 49. e6+ Ke7 50. Nh6 {Hoping for Nf5+.} Kf6 {[#]} 51. e7 $1 {Precision: White = 34%, Black = 35%.} 1-0

[Event "World Team-ch Women 2017"]
[Site "Khanty-Mansyisk"]
[Date "2017.06.23"]
[Round "6"]
[White "Girya, Olga"]
[Black "Vijayalakshmi, Subbaraman"]
[Result "1-0"]
[WhiteElo "2480"]
[BlackElo "2375"]
[Annotator "TA"]
[PlyCount "89"]
[EventDate "2017.??.??"]
[EventType "team-tourn"]
[EventCountry "RUS"]
[SourceTitle "playchess.com"]
[Source "ChessBase"]
[SourceQuality "1"]
[WhiteTeam "RUS"]
[BlackTeam "IND"]
[WhiteTeamCountry "RUS"]
[BlackTeamCountry "IND"]

{[%evp 11,89,25,57,37,58,53,52,68,66,75,139,135,223,212,229,235,527,518,515,520,503,521,526,513,579,582,575,583,593,608,600,509,1494,1443,1295,775,764,777,774,731,683,680,678,677,660,645,733,728,728,704,720,710,844,831,958,904,955,935,962,943,960,937,1153,1070,1422,1342,1466,1466,5397,5389,3179,1683,29974,29975,29975,29976,29976,29976,29971,29969]} 1. d4 d5 2. Nf3 Nf6 3. c4 dxc4 4. e3 Bg4 5. Bxc4 e6 6. O-O Nc6 {LiveBook: 14 Games. D25: Queen's Gambit Accepted: 4 e3: sidelines and 4...Bg4} 7. Bb5 (7. h3 Bh5 8. b3 Bd6 9. Bb2 O-O 10. Nbd2 a6 11. Be2 Qe7 12. Rc1 Ba3 13. Bxa3 Qxa3 14. Nc4 {½-½ (33) Ivanchuk,V (2781)-Tkachiev,V (2664) Moscow 2008}) 7... Bd6 8. Nbd2 O-O {White is slightly better.} 9. Bxc6 bxc6 10. Qc2 Qd7 (10... Nd5 $142) 11. e4 $146 ({Predecessor:} 11. b3 a5 12. Bb2 Rfb8 13. Rfc1 Ra6 14. Ne5 {1-0 (47) Artamonov,P (2192)-Solovyov,S (2083) Novokuznetsk 2007}) 11... Bf4 {[#]} (11... Bb4 $16) 12. Ne5 $1 $18 {[%cal Re5d7]} Qxd4 {[#]} 13. Ndf3 $1 {[%cal Rf3d4]} Qd6 $2 (13... Bxf3 14. Nxf3 Qxe4 15. Qxe4 Bxh2+ 16. Kxh2 Nxe4) 14. Bxf4 Bxf3 15. gxf3 Nh5 16. Rad1 Qe7 17. Bg3 f6 18. Nxc6 Qf7 19. Rd2 e5 20. Rfd1 Qxa2 21. Rd7 g5 (21... Kh8 $142 22. Rxc7 a5) 22. Rxc7 Rf7 23. Rxf7 Qxf7 24. Nd8 Qe7 25. Qc4+ Kg7 26. Nc6 Qf7 27. Qxf7+ Kxf7 28. Rd7+ Kg8 29. Rxa7 Rxa7 30. Nxa7 Ng7 31. Nc6 Kf7 32. Nxe5+ fxe5 33. Bxe5 {[%mdl 4096] Endgame KB-KN} Ne6 34. b4 Ke7 35. Kg2 Kd7 36. Kg3 Kc6 37. Kg4 Kb5 38. Kf5 Nd8 39. Bd6 h6 40. Be7 Nc6 41. Bc5 Kc4 42. e5 {[%cal Be4e5,Be5e6,Be6e7][%mdl 32] White mates.} Kd5 43. e6 Nd8 44. e7 Ne6 45. Kf6 {Precision: White = 84%, Black = 33%.} 1-0